| 000 | 00965nam a22002297a 4500 | ||
|---|---|---|---|
| 999 |
_c50071 _d50071 |
||
| 005 | 20210325200448.0 | ||
| 008 | s2549 th tha d | ||
| 020 | _a9749495810 | ||
| 040 | _aNALT | ||
| 041 | _atha | ||
| 050 |
_aHD 75.7 _bส881จ 2549 |
||
| 100 | 0 | _aสุวิทย์ เมษินทรีย์ | |
| 245 | 1 | 0 |
_aจุดเปลี่ยนประเทศไทย : _bเศรษฐกิจพอเพียงในกระแสโลกาภิวัตน์ / _cสุวิทย์ เมษินทรีย์. |
| 260 |
_aกรุงเทพฯ : _bการเงินธนาคาร, _c2549. |
||
| 300 |
_a267 หน้า : _bภาพประกอบ ; _c23 ซม. |
||
| 650 | 0 | 4 | _aโลกาภิวัตน์ |
| 650 | 0 | 4 | _aไทย -- ภาวะเศรษฐกิจ |
| 650 | 0 | 4 | _aเศรษฐกิจพอเพียง |
| 850 | _aNALT | ||
| 942 |
_cGB _2lcc |
||